| Tag |
First Indicator |
Second Indicator |
Subfields |
| LEADER |
00000naa a2200000 i 4500 |
| 001 |
in00004763313 |
| 008 |
240102s1922 sa 2 f000 0 eng d |
| 005 |
20240102183844.4 |
| 035 |
|
|
|a (OCoLC)on1416369325
|
| 040 |
|
|
|a TXA
|b eng
|e rda
|c TXA
|
| 035 |
|
|
|a (OCoLC)1416369325
|
| 043 |
|
|
|a f-sa---
|
| 050 |
|
0 |
|a SF969.N44
|b S68 1922
|
| 110 |
1 |
|
|a South Africa.
|b Division of Veterinary Education and Research.
|
| 245 |
1 |
4 |
|a The life-history of the the wire-worm of sheep :
|b review /
|c by the Division of Veterinary Education and Research.
|
| 246 |
3 |
|
|a Life history of the the wire worm of sheep
|
| 264 |
|
1 |
|a Pretoria :
|b The Government Printing and Stationery Office,
|c 1922.
|
| 300 |
|
|
|a 7 pages, 1 unnumbered blank page ;
|c 24 cm
|
| 336 |
|
|
|a text
|b txt
|2 rdacontent
|
| 337 |
|
|
|a unmediated
|b n
|2 rdamedia
|
| 338 |
|
|
|a volume
|b nc
|2 rdacarrier
|
| 490 |
1 |
|
|a Reprint ;
|v no. 40, 1922
|
| 500 |
|
|
|a Cover title.
|
| 500 |
|
|
|a Reprinted from the Journal of the Department of Agriculture, October, 1922.
|
| 500 |
|
|
|a At head of title: union of South Africa. Department of Agriculture.
|
| 650 |
|
0 |
|a Haemonchus contortus
|x Life cycles.
|
| 650 |
|
0 |
|a Nematodes
|x Life cycles.
|
| 650 |
|
0 |
|a Sheep
|x Parasites
|x Life cycles.
|
| 700 |
1 |
|
|a Jones, J. M.
|q (John McKinley),
|e former owner.
|5 TXA
|
| 710 |
1 |
|
|a South Africa.
|b Department of Agriculture.
|
| 773 |
0 |
8 |
|i Contained in (manifestation):
|t Journal of the Department of Agriculture.
|g (October 1922)
|x 0368-1823
|w (DLC) 2017238491
|w (OCoLC)926438873
|
| 830 |
|
0 |
|a Reprint (South Africa. Department of Agriculture) ;
|v no. 40, 1922.
|
| 994 |
|
|
|a Z0
|b TXA
|
| 948 |
|
|
|h HELD BY TXA - 0 OTHER HOLDINGS
|
| 999 |
f |
f |
|s 773e50de-3496-4be7-8b83-4a63b6081c82
|i d54217ff-3b48-4e6b-95de-178ce1d680e9
|t 0
|
| 952 |
f |
f |
|p noncirc
|a Texas A&M University
|b College Station
|c Cushing Memorial Library & Archives
|d Cushing: Dykes (Does not check out)
|t 0
|e SF969.N44 S68 1922
|f Vertical FIle
|h Library of Congress classification
|i unmediated -- volume
|m A14853140935
|
| 998 |
f |
f |
|a SF969.N44 S68 1922
|t 0
|l Cushing: Dykes (Does not check out)
|